Introducción a la historia del arte : Grecia y Roma

Bibliographic Details
Main Author: Woodford, Susan
Format: Section = Libro
Language:Undetermined
Spanish
Published: Barcelona Gustavo Gili 1987
Edition:2a.ed.
Subjects:
LEADER 00571nam a2200193Ia 4500
008 240829s9999 xx 000 0 und d
020 |a 84-252-1237-5 
040 |a BIBLIOTECA-RUSB/ Ref 709.38 W887 
041 |a spa 
082 |a Ref 709.38 W887 
100 1 |a Woodford, Susan 
245 1 0 |a Introducción a la historia del arte : Grecia y Roma 
250 |a 2a.ed. 
260 |a Barcelona  |b Gustavo Gili  |c 1987 
300 |a 140 p. :il. 
650 7 |a ESTUDIO HISTORICO Y GEOGRAFICO DE LAS BELLAS ARTES Y DECORATIVAS-GRECIA Y ROMA 
942 |c BK  |2 ddc 
991 |a TEXTO 
999 |c 6391